<?xml version="1.0" encoding="UTF-8"?>
<record
    xmlns:xsi="http://www.w3.org/2001/XMLSchema-instance"
    xsi:schemaLocation="http://www.loc.gov/MARC21/slim http://www.loc.gov/standards/marcxml/schema/MARC21slim.xsd"
    xmlns="http://www.loc.gov/MARC21/slim">

  <leader>00581nam a2200157   4500</leader>
  <controlfield tag="003">AUA.1</controlfield>
  <controlfield tag="005">20201005125253.0</controlfield>
  <controlfield tag="008">170312b        xxu||||| |||| 00| 0 eng d</controlfield>
  <datafield tag="040" ind1=" " ind2=" ">
    <subfield code="c">JTL</subfield>
  </datafield>
  <datafield tag="240" ind1=" " ind2=" ">
    <subfield code="a">My soul is in the blood : Yoora's soprano anthem collection /</subfield>
    <subfield code="h">Audiorecording.</subfield>
    <subfield code="l">Korean</subfield>
  </datafield>
  <datafield tag="245" ind1=" " ind2=" ">
    <subfield code="a">&#xB0B4; &#xC601;&#xD63C;&#xC5B4; &#x315C;&#xD53C;&#xC740; &#xB370;&#xC11C; :</subfield>
    <subfield code="b">&#xC18C;&#xD504;&#xB77C;&#xB178; &#xC774;&#xC720;&#xB77C; &#xCC2C;&#xBBF8;&#xAC00; &#xBAA8;&#xC74C; /</subfield>
    <subfield code="c">Yoora Lee-Hoff.</subfield>
    <subfield code="h">Audiorecording.</subfield>
  </datafield>
  <datafield tag="260" ind1=" " ind2=" ">
    <subfield code="a">Mansfelder Stra&#xDF;e, Halle (Saale) :</subfield>
    <subfield code="b">Horchmal,</subfield>
    <subfield code="c">[2011].</subfield>
  </datafield>
  <datafield tag="300" ind1=" " ind2=" ">
    <subfield code="a">1 audiodisc :</subfield>
    <subfield code="b">sound,</subfield>
    <subfield code="c">4 3/4 in.</subfield>
  </datafield>
  <datafield tag="650" ind1=" " ind2=" ">
    <subfield code="a">Christian music</subfield>
  </datafield>
  <datafield tag="942" ind1=" " ind2=" ">
    <subfield code="2">aua</subfield>
    <subfield code="c">AV</subfield>
  </datafield>
  <datafield tag="999" ind1=" " ind2=" ">
    <subfield code="c">18178</subfield>
    <subfield code="d">18178</subfield>
  </datafield>
  <datafield tag="952" ind1=" " ind2=" ">
    <subfield code="0">0</subfield>
    <subfield code="1">0</subfield>
    <subfield code="2">lcc</subfield>
    <subfield code="4">0</subfield>
    <subfield code="7">0</subfield>
    <subfield code="8">AV</subfield>
    <subfield code="a">AUA.1</subfield>
    <subfield code="b">AUA.1</subfield>
    <subfield code="c">AV</subfield>
    <subfield code="d">2017-03-12</subfield>
    <subfield code="h">AV502</subfield>
    <subfield code="o">MSR143</subfield>
    <subfield code="r">2017-03-12 00:00:00</subfield>
    <subfield code="v">12.99</subfield>
    <subfield code="w">2017-03-12</subfield>
    <subfield code="y">AV</subfield>
  </datafield>
</record>
